书目信息 |
| 题名: |
性医学
|
|
| 作者: | 吴阶平 编译 | |
| 分册: | ||
| 出版信息: | 北京 科学技术文献出版社 1982 |
|
| 页数: | 400页 | |
| 开本: | 21cm | |
| 丛书名: | ||
| 单 册: | ||
| 中图分类: | R167 | |
| 科图分类: | ||
| 主题词: | 个人卫生 | |
| 电子资源: | ||
| ISBN: | ||
| 000 | 00597nam0 2200241 45 | |
| 001 | 0182005316 | |
| 005 | 20040521154510.3 | |
| 010 | @dCNY1.90 | |
| 091 | @a14176.87 | |
| 100 | @a19950705d1982 em y0chiy0121 ea | |
| 101 | 0 | @achi |
| 102 | @aCN@b110000 | |
| 105 | @ay z 000yy | |
| 106 | @ar | |
| 200 | 10 | @a性医学@Axing yi xue@f吴阶平编译 |
| 210 | @a北京@c科学技术文献出版社@d1982 | |
| 215 | @a400页@d21cm | |
| 606 | 0 | @a个人卫生 |
| 690 | @aR167 | |
| 701 | 0 | @a吴阶平@Awu jie ping@4编译 |
| 801 | 0 | @aCN@b上海图书馆@c20040521 |
| 801 | 2 | @aCN@bNLC@c20040521 |
| 905 | @f1@b147297@dR167@e30 | |
| 性医学/吴阶平编译.-北京:科学技术文献出版社,1982 |
| 400页;21cm |
| ISBN :CNY1.90 |
| ● |
| 相关链接 |
|
|
|
|
正题名:性医学
索取号:R167/30
 
预约/预借
| 序号 | 登录号 | 条形码 | 馆藏地/架位号 | 状态 | 备注 |
| 1 | 0147297 | 000707729 | 第二样本阅览室/ [索取号:R167/30] | 在馆 |